2024 NBA Draft - Statistics

General Stats
  • This quiz has been taken 241 times
  • The average score is 28 of 58
Answer Stats
College Team Pick Answer % Correct
France Wizards 2 Alex Sarr
98%
France Hawks 1 Zacharrie Risacher
94%
UConn Spurs 4 Stephon Castle
91%
Purdue Grizzlies 9 Zach Edey
90%
Kentucky Rockets 3 Reed Sheppard
88%
Kentucky Timberwolves 8 Rob Dillingham
86%
UConn Trailblazers 7 Donovan Clingan
82%
Duke 76ers 16 Jared McCain
81%
Tennessee Lakers 17 Dalton Knecht
80%
G League Ignite Bulls 11 Matas Buzelis
79%
G League Ignite Pistons 5 Ron Holland
78%
Colorado Jazz 10 Cody Williams
77%
Serbia Thunder 12 Nikola Topic
77%
France Hornets 6 Tidjane Saluan
72%
Pittsburgh Wizards 14 Bub Carrington
71%
Indiana Heat 15 Kel’el Ware
71%
Providence Kings 13 Devin Carter
65%
Baylor Pelicans 21 Yves Missi
63%
USC Lakers 55 Bronny James
61%
Colorado Magic 18 Tristan da Silva
58%
Miami (FL) Wizards 24 Kyshawn George
56%
Duke Jazz 32 Kyle Filipowski
54%
Austrailia Bucks 23 AJ Johnson
53%
USC Jazz 29 Isaiah Collier
53%
Virginia Suns 28 Ryan Dunn
53%
California Cavaliers 20 Jaylon Tyson
50%
Washington State Grizzlies 39 Jaylen Wells
49%
Baylor Raptors 19 Ja’Kobe Walter
48%
France Knicks 25 Pacome Dadiet
47%
Illinois Timberwolves 27 Terrence Shannon Jr.
45%
Creighton Celtics 30 Baylor Scheierman
44%
Marquette Knicks 34 Tyler Kolek
44%
Dayton Nuggets 22 DaRon Holmes
42%
Weber State Thunder 26 Dillon Jones
40%
Houston Raptors 45 Jamal Shead
37%
UCLA 76ers 41 Adem Bona
36%
Kansas Pacers 35 Johnny Furphy
36%
G League Ignite Bucks 33 Tyler Smith
36%
San Francisco Raptors 31 Jonathan Mogbo
32%
Santa Clara Thunder 38 Ajay Mitchell
31%
Boston College Warriors 52 Quinten Post
31%
Arizona Heat 44 Pelle Larsson
30%
Marquette Suns 40 Oso Ighodaro
28%
Germany Mavericks 58 Ariel Hukporti
26%
Minnesota Clippers 46 Cam Christie
25%
Gonzaga Celtics 54 Anton Watson
24%
Uconn Grizzlies 53 Cam Spencer
24%
North Carolina Spurs 48 Harrison Ingram
24%
Sweden Pistons 37 Bobi Klintman
22%
Colorado Hornets 42 KJ Simpson
21%
UConn Pacers 49 Tristen Newton
20%
Kentucky Pelicans 47 Antonio Reeves
19%
Kansas Knicks 56 Kevin McCullar Jr.
19%
Akron Pacers 50 Enrique Freeman
18%
Spain Spurs 36 Juan Nunez
18%
France Mavericks 51 Melvin Ajinça
18%
Cameroon Raptors 57 Ulrich Chomche
14%
Serbia Hawks 43 Nikola Durisic
13%
No matching quizzes found
Score Distribution
Percent of People with Each Score
Percentile by Number Answered
Your Score History
You have not taken this quiz